000 00925cab a2200217 4500
001 X2978
008 090401t1996 xxu||||| |||| 00| 0 eng d
035 _a(Sirsi) u27644
041 _aeng
245 _aNorth Yorkshire CC v SoS Environment and Griffin
260 _c1996
350 _a0
490 _aJournal of Planning and Environment Law
_v1996 JPL 32-35(4)
520 _aCA 8 June 1995. Outline planning permission. Dwelling house and garage - - refusal - conditional grant on appeal - whether Inspector applied test in s54A. CA held that Inspector had over all applied the test correctly save in one paragraph of the decision letter - error one of form not substance. (Taken from header note)
650 _aDEVELOPMENT PLANS
650 _aOUTLINE PLANNING PERMISSION
650 _aTOWN AND COUNTRY PLANNING ACT 1990 S54A
690 _aPLANNING LAW AND PRACTICE-CASE LAW
942 _n0
948 _c04/03/1997
999 _c18615
_d18615